00354nam a2200145Ia 4500008004100000020001800041041000800059082001300067100002200080245002700102250000600129260003800135300001500173650002000188210716s2012 xx 000 0 und d a9788131517130 aeng a658 DUBA aDubrin, Andrew J. aManagement essentials. a9 aNew DelhibCengage Learningc2012 axxiii; 662 aManagement(658)